Регионална библиотека "Любен Каравелов" - Русе

Шипка-Бузлуджа (Запис номер 476543)

MARC детайли
000 -Лидер
Контролно поле с фиксирана дължина 01696nam a2200349 a 4500
003 - Код на организацията, давaща контролен номер
Контролно поле BLK
005 - Дата и час на последна редакция
Контролно поле 20250128125109.0
008 - Елементи от данни с фиксирана дължина
fixed length control field 200412b bu |||||r|||| 00| | bu d
040 ## - Източник на каталожния запис
Идентификатор на билиотеката - собственик на записа BLK
041 ## - Код за език
Код за езика на текст/звукозапис или на отделно заглавие Български
Код за езика КДБФ Български
080 ## - УДК
Текстов определител УДК Освобождение на България. Руско-турска война (1877-1878)
УДК код - определител по УДК 94(497.2)"1877/1878"
УДК определител (026)
УДК - код + определител 94(497.2)"1877/1878"
080 ## - УДК
Текстов определител УДК Комунистически партии. Вж и 327.323
УДК код - определител по УДК 329.15
УДК определител БКП(026)
УДК - код + определител 329.15БКП(026)
139 ## - Редно поле
Редна дума Шипка-Бузлуджа
245 ## - Сведения за заглавието
Заглавие Шипка-Бузлуджа
Подзаглавни данни Пътеводител
Редно поле (дума) Емил Цанов и др.
250 ## - Област на изданието
Сведения за изданието 2. изд.
257 ## - Страна на издаване
Страна на създаване/издаване България
260 ## - Област на издателските данни
9 (RLIN) 209542
Място на издаване, разпространение и проч. София
Име на издателя, разпространителя и проч. Медицина и физкултура
Година на издаване 1976
Издателство - префикс ISBN 978-954-420-
300 ## - Физическа характеристика
Страници 112 с.
Илюстрации и др. с ил., портр.
Размери/Мащаб 22 см
380 ## - Жанр
Жанр История
500 ## - Общи забележки
Забележка Други авт. : Васил Вълков, Веска Николова, Освалд Лечев. - 1. изд. 1971 със загл. Национален парк-музей Шипка-Бузлуджа. - Библиогр. с. 109
650 #0 - Допълнително описание по предмет – тема
9 (RLIN) 303237
Основно описание – тема или топоним Шипка, храм-паметник
650 #7 - Допълнително описание по предмет – тема
9 (RLIN) 149269
Основно описание – тема или топоним Бузлуджа
650 #7 - Допълнително описание по предмет – тема
Основно описание – тема или топоним Руско-турска освободителна война 1877 - 1878 - паметници
Източник на редна или ключова дума
9 (RLIN) 170047
653 #7 - Ключова дума – ненормативна
9 (RLIN) 195008
Ключова дума пътеводители
653 #7 - Ключова дума – ненормативна
9 (RLIN) 195924
Ключова дума Руско-турска освободителна война 1877-1878
653 #7 - Ключова дума – ненормативна
9 (RLIN) 193250
Ключова дума паметници
700 ## - Други автори (авторска отговорност)
9 (RLIN) 383227
Лично име Цанов, Емил Г.
Автороска отговорност (Описва отношението между автора и произведението) първи автор
852 ## - Местоположение
Форматна сигнатура Цб 82666
Фондова буква Хранилище
856 ## - Електронен адрес и достъп
Инструкция (цена за достъп) 0.00
Права за достъп disable
999 ## - СИСТЕМНИ КОНТРОЛНИ НОМЕРА
Koha biblionumber 476543
Koha biblioitemnumber 476543
942 ## - АРТИКУЛИ
Вид на библиотечния материал Книги
Скрит в OPAC Не
Периодичен библиозапис Да
944 ## - СЪЗДАВАНЕ И РЕДАКЦИЯ на ЗАПИСА
Създаване/Редакция Създаване
Дата на регистрацията/редакция 2022-10-19
Служител, извършил регистрацията/редакцията 30560
Статус, дата на статуса Геновева Генчева
Наличности
Код за отписване Код за изгубен артикул Източник на класификационната схема Код за повреда Коз за рестрикции Код за отдаване Артикулен № Име на библиотеката - собственик Име на библиотеката, в която се намира в момента Статус (Текущо местоположение) Дата на вписване в системата Местоположение - отдел Цена в лева Инвентарен номер Систематично азбучна сигнатура Баркод Цена в евро Служебен тип на артикула
  Не е изгубен Universal Decimal Classification Не е повреден само за читалня ползва се в читалня 908471 Регионална библиотека "Любен Каравелов" Русе Регионална библиотека "Любен Каравелов" Русе Хранилище 2022-10-20 Хранилище 0.47 213267 Цб 82666 120000213267 0.24 Книги
Vip Innovations Ltd, Rousse, Bulgaria 2025